Bus Stop For Everyone (Record no. 230)

MARC details
000 -LEADER
fixed length control field 00414nam a22001337a 4500
008 - FIXED-LENGTH DATA ELEMENTS--GENERAL INFORMATION
fixed length control field 230605b xxu||||| |||| 00| 0 eng d
020 ## - INTERNATIONAL STANDARD BOOK NUMBER
International Standard Book Number 0852558708
082 ## - DEWEY DECIMAL CLASSIFICATION NUMBER
Classification number 320.9680
Item number LOD
100 ## - MAIN ENTRY--PERSONAL NAME
Titles and words associated with a name Tom Lodge
245 ## - TITLE STATEMENT
Title Bus Stop For Everyone
Remainder of title Politics In South Africa {From Mandela to Mbeki}
260 ## - PUBLICATION, DISTRIBUTION, ETC. (IMPRINT)
Place of publication, distribution, etc. Kenilworth,CapeTown
Name of publisher, distributor, etc. David Philip,an Imprint of New Africa Books Ltd
Date of publication, distribution, etc. 2002
300 ## - PHYSICAL DESCRIPTION
Extent VI,314p
942 ## - ADDED ENTRY ELEMENTS (KOHA)
Source of classification or shelving scheme Dewey Decimal Classification
Koha item type Books
Holdings
Withdrawn status Lost status Source of classification or shelving scheme Damaged status Not for loan Home library Current library Date acquired Total Checkouts Full call number Barcode Date last seen Price effective from Koha item type Checked out
    Dewey Decimal Classification     Bunge Tower Library Bunge Tower Library 06/05/2023   320.9680 LOD 10014866 06/05/2023 06/05/2023 Books  
    Dewey Decimal Classification     Bunge Tower Library Bunge Tower Library 06/05/2023   320.9680 LOD 10014867 06/05/2023 06/05/2023 Books 12/17/2018
LIBRARY OPENING HOURS

When the Parliament is sitting: 8.00a.m - 7.00p.m or until the house adjourns
Mondays and Fridays and when the House is on Recess:  8.00a.m - 5.00p.m
Closed on Weekends and Public Holidays

Online Public Access Catalog (OPAC)
Website: http://www.parliament.go.ke
Bunge Library: https://libraryir.parliament.go.ke
Contact: library@parliament.go.ke | Tel no: (254-2)2221291 or 2848000 Ext 5043